|
|
|
|
| LEADER |
01566nam a2200337 a 4500 |
| 001 |
14051401 |
| 008 |
100125s2002 bg ab bs 000 0 eng d |
| 010 |
|
|
|a \\2005310758
|
| 020 |
|
|
|a 9843204433
|
| 040 |
|
|
|a DLC
|c DLC
|d BD-DhAAL
|
| 082 |
0 |
4 |
|a 363.70095492
|2 21
|
| 111 |
2 |
|
|a International Conference on Bangladesh Environment
|n (2nd :
|d 2002 :
|c Dhaka, Bangladesh)
|
| 245 |
1 |
0 |
|a Bangladesh environment, 2002 :
|b a compilation of technical papers of the 2nd International Conference on Bangladesh Environment (ICBEN-2002) /
|c editors, M. Feroze Ahmed, Saleh A. Tanveer, A.B.M. Badruzzaman.
|
| 260 |
|
|
|a Dhaka :
|b Scientific Subcommittee on behalf of the Bangladesh Poribesh Andolon,
|c 2002.
|
| 300 |
|
|
|a (xvi, 1180 p.) :
|b ill., maps ;
|c 22 cm.
|
| 362 |
0 |
|
|a Vol. 2
|
| 504 |
|
|
|a Includes bibliographical references.
|
| 500 |
|
|
|a Includes statistical tables.
|
| 541 |
1 |
|
|e 00012710
|
| 650 |
|
0 |
|a Environmental degradation
|z Bangladesh.
|
| 650 |
|
0 |
|a Arsenic
|x Environmental aspects
|z Bangladesh.
|
| 650 |
|
0 |
|a Groundwater
|x Pollution
|z Bangladesh.
|
| 650 |
|
0 |
|a Pollution
|x Social aspects
|z Bangladesh.
|
| 651 |
|
0 |
|a Bangladesh
|x Environmental conditions.
|
| 700 |
1 |
|
|a Ahmed, M. Feroze.
|
| 700 |
1 |
|
|a Tanveer, Saleh.
|
| 700 |
1 |
|
|a Badruzzaman, A. B. M.
|
| 710 |
2 |
|
|a Bangladesh Poribesh Andolon.
|
| 852 |
4 |
|
|a Ayesha Abed Library
|j General shelf
|
| 999 |
|
|
|c 7177
|d 7177
|
| 952 |
|
|
|0 0
|1 0
|2 ddc
|4 0
|6 363_700954920000000_BAN
|7 0
|9 7464
|a BRACUL
|b BRACUL
|c GEN
|d 2010-01-26
|l 2
|m 18
|o 363.70095492 BAN
|p 3010012710
|r 2019-03-31
|s 2019-01-22
|t 1
|w 2010-01-26
|y BK
|x Price not available in Register
|